| 000 | 00721nam a2200253 a 4500 | ||
|---|---|---|---|
| 001 | 527889 | ||
| 003 | OSt | ||
| 005 | 20140310181933.0 | ||
| 008 | 860611s1949 vraa 000 1 eng d | ||
| 020 | _a0451523814 | ||
| 040 |
_aANL _beng _cANL _d2907 |
||
| 050 |
_aPR 4854 _b.K57 1981 |
||
| 082 | 1 | 4 |
_aCLA _bK62c 1981 |
| 100 | 1 |
_aKipling, Rudyard, _d1865-1936. _93029 |
|
| 245 | 1 | 0 |
_aCaptains courageous : _cRudyand Kipling with an afterword by C. A. Bodelsen |
| 260 |
_aNew York : _bPenguin Group, _cc1981. |
||
| 300 |
_a186 p. : _c17 cm. |
||
| 541 | _j1 | ||
| 562 | _e1 | ||
| 650 |
_aCourage _xFiction. _93030 |
||
| 650 |
_aAdventure _xFiction. _93031 |
||
| 942 |
_2lcc _cBBK _kCLA |
||
| 999 |
_c7446 _d7446 |
||